Statistics for All World Capitals together with one of 5 Closest Capitals

Click here to take the quiz!

General Stats

  • This quiz has been taken 34 times
  • The average score is 117 of 196

Answer Stats

reciprocal for # closest for # 5 closest capitals is one of 5 closest capitals of… Capital City % Correct
45Paris, Amsterdam, Brussels, Dublin, LuxembourgParis, Amsterdam, Brussels, Dublin, ReykjavíkLondon
96%
47London, Paris, Berlin, Brussels, LuxembourgLondon, Paris, Brussels, Copenhagen, Dublin, Reykjavík, LuxembourgAmsterdam
93%
11Port-au-Prince, Havana, Ottawa, Kingston, NassauOttawaWashington
93%
11Washington, Santo Domingo, Port-au-Prince, Havana, NassauWashingtonOttawa
93%
35Port-au-Prince, Tegucigalpa, Kingston, Nassau, BelmopanWashington, Ottawa, Kingston, Nassau, BelmopanHavana
89%
55Tokyo, Seoul, Taipei, Pyongyang, UlaanbaatarTokyo, Seoul, Taipei, Pyongyang, UlaanbaatarBeijing
89%
55Copenhagen, Helsinki, Oslo, Riga, TallinnCopenhagen, Helsinki, Oslo, Riga, TallinnStockholm
86%
34Berlin, Amsterdam, Stockholm, Prague, OsloBerlin, Stockholm, Oslo, ReykjavíkCopenhagen
86%
56London, Paris, Amsterdam, Bern, LuxembourgLondon, Paris, Amsterdam, Dublin, Bern, LuxembourgBrussels
86%
35Warsaw, Vienna, Copenhagen, Prague, BratislavaAmsterdam, Warsaw, Copenhagen, Prague, OsloBerlin
86%
36Zagreb, Ljubljana, Monaco, San Marino, Vatican CityTunis, Tripoli, Monaco, Valletta, San Marino, Vatican CityRome
86%
00Guatemala City, San Salvador, Managua, Tegucigalpa, BelmopanMexico City
86%
58London, Amsterdam, Brussels, Bern, LuxembourgLondon, Lisbon, Amsterdam, Brussels, Dublin, Bern, Luxembourg, Andorra la VellaParis
86%
44Algiers, Lisbon, Rabat, Monaco, Andorra la VellaAlgiers, Lisbon, Rabat, Andorra la VellaMadrid
86%
55Tokyo, Beijing, Taipei, Pyongyang, UlaanbaatarTokyo, Beijing, Taipei, Pyongyang, UlaanbaatarSeoul
86%
44Buenos Aires, Asunción, La Paz, Montevideo, ParamariboBuenos Aires, Asunción, La Paz, MontevideoBrasília
82%
34Stockholm, Minsk, Riga, Vilnius, TallinnStockholm, Oslo, Riga, TallinnHelsinki
82%
55Buenos Aires, Lima, Asunción, La Paz, MontevideoBuenos Aires, Lima, Asunción, La Paz, MontevideoSantiago
82%
22Paris, Madrid, Algiers, Rabat, Andorra la VellaMadrid, RabatLisbon
82%
00London, Amsterdam, Copenhagen, Dublin, OsloReykjavík
82%
23Caracas, Quito, San José, Panama City, KingstonLima, Quito, Panama CityBogotá
82%
45Rome, Zagreb, Ljubljana, Monaco, Vatican CityRome, Ljubljana, Monaco, Vaduz, Vatican CitySan Marino
82%
36Rome, Zagreb, Ljubljana, Monaco, San MarinoRome, Tunis, Tripoli, Monaco, Valletta, San MarinoVatican City
82%
24Paris, Madrid, Algiers, Bern, MonacoMadrid, Algiers, Lisbon, RabatAndorra la Vella
79%
44Buenos Aires, Santiago, Brasília, Asunción, La PazBuenos Aires, Santiago, Brasília, AsunciónMontevideo
79%
56Paris, Brussels, Luxembourg, Monaco, VaduzParis, Brussels, Luxembourg, Monaco, Andorra la Vella, VaduzBern
79%
33Bogotá, Santiago, Quito, La Paz, Panama CitySantiago, Quito, La PazLima
79%
44Santiago, Brasília, Asunción, La Paz, MontevideoSantiago, Brasília, Asunción, MontevideoBuenos Aires
79%
00Kiev, Minsk, Riga, Vilnius, TallinnMoscow
79%
34Algiers, Rome, Tripoli, Valletta, Vatican CityAlgiers, Rabat, Tripoli, VallettaTunis
75%
36Caracas, Santo Domingo, Kingston, Nassau, BasseterreWashington, Santo Domingo, Havana, Ottawa, Kingston, NassauPort-au-Prince
75%
55Tokyo, Seoul, Beijing, Taipei, UlaanbaatarTokyo, Seoul, Beijing, Taipei, UlaanbaatarPyongyang
75%
24Caracas, Port-au-Prince, Kingston, Saint John's, BasseterrePort-au-Prince, Ottawa, Kingston, NassauSanto Domingo
75%
34Berlin, Minsk, Prague, Vilnius, BratislavaBerlin, Kiev, Minsk, VilniusWarsaw
75%
23Berlin, Stockholm, Copenhagen, Helsinki, TallinnStockholm, Copenhagen, ReykjavíkOslo
75%
55Cairo, Damascus, Amman, Beirut, NicosiaCairo, Damascus, Amman, Beirut, NicosiaJerusalem
75%
56Stockholm, Minsk, Helsinki, Vilnius, TallinnMoscow, Stockholm, Minsk, Helsinki, Vilnius, TallinnRiga
75%
46Lima, Santiago, Brasília, Quito, AsunciónBuenos Aires, Lima, Santiago, Brasília, Asunción, MontevideoLa Paz
75%
56San José, San Salvador, Managua, Tegucigalpa, BelmopanMexico City, San José, San Salvador, Managua, Tegucigalpa, BelmopanGuatemala City
75%
33Seoul, Manila, Beijing, Taipei, PyongyangSeoul, Beijing, PyongyangTokyo
75%
35Bogotá, Quito, San José, Managua, TegucigalpaLima, Bogotá, Quito, San José, KingstonPanama City
75%
22Canberra, Suva, Apia, Port Vila, NukuʻalofaCanberra, NukuʻalofaWellington
71%
11Wellington, Port Moresby, Suva, Honiara, Port VilaWellingtonCanberra
71%
57Stockholm, Minsk, Helsinki, Riga, VilniusMoscow, Stockholm, Minsk, Helsinki, Oslo, Riga, VilniusTallinn
71%
46Santo Domingo, Port-au-Prince, Havana, Panama City, NassauBogotá, Washington, Santo Domingo, Port-au-Prince, Havana, NassauKingston
71%
55Buenos Aires, Santiago, Brasília, La Paz, MontevideoBuenos Aires, Santiago, Brasília, La Paz, MontevideoAsunción
71%
34Lima, Bogotá, San José, Panama City, ManaguaLima, Bogotá, La Paz, Panama CityQuito
71%
12London, Paris, Amsterdam, Brussels, LuxembourgLondon, ReykjavíkDublin
71%
36Tehran, Kuwait City, Damascus, Amman, YerevanTehran, Riyadh, Kuwait City, Baku, Yerevan, TbilisiBaghdad
71%
56Baghdad, Kuwait City, Baku, Yerevan, AshgabatBaghdad, Kuwait City, Baku, Yerevan, Tbilisi, AshgabatTehran
71%
58Guatemala City, San José, San Salvador, Managua, BelmopanMexico City, Guatemala City, Havana, San José, San Salvador, Panama City, Managua, BelmopanTegucigalpa
68%
44Jakarta, Bangkok, Kuala Lumpur, Phnom Penh, Bandar Seri BegawanJakarta, Kuala Lumpur, Phnom Penh, Bandar Seri BegawanSingapore
68%
56Cairo, Damascus, Amman, Jerusalem, NicosiaCairo, Ankara, Damascus, Amman, Jerusalem, NicosiaBeirut
68%
56Budapest, Prague, Zagreb, Bratislava, LjubljanaBerlin, Budapest, Prague, Zagreb, Bratislava, LjubljanaVienna
68%
57Kiev, Warsaw, Riga, Vilnius, TallinnMoscow, Kiev, Warsaw, Helsinki, Riga, Vilnius, TallinnMinsk
68%
57Guatemala City, San Salvador, Panama City, Managua, TegucigalpaBogotá, Guatemala City, Quito, San Salvador, Panama City, Managua, TegucigalpaSan José
68%
56Kabul, Tashkent, Dushanbe, Islamabad, AstanaKabul, Tashkent, Ulaanbaatar, Dushanbe, Islamabad, AstanaBishkek
68%
56Delhi, Kabul, Tashkent, Bishkek, DushanbeDelhi, Kabul, Kathmandu, Tashkent, Bishkek, DushanbeIslamabad
68%
57Kuala Lumpur, Hanoi, Phnom Penh, Naypyidaw, VientianeKuala Lumpur, Singapore, Colombo, Hanoi, Phnom Penh, Naypyidaw, VientianeBangkok
68%
22Rome, Tunis, Tripoli, Tirana, Vatican CityTunis, TripoliValletta
68%
46Kabul, Kathmandu, Dushanbe, Islamabad, ThimphuDhaka, Kabul, Kathmandu, Islamabad, Male, ThimphuDelhi
68%
35Santo Domingo, Port-au-Prince, Havana, Kingston, BelmopanWashington, Port-au-Prince, Havana, Ottawa, KingstonNassau
68%
59Budapest, Vienna, Zagreb, Bratislava, San MarinoRome, Budapest, Vienna, Prague, Zagreb, Bratislava, Vaduz, San Marino, Vatican CityLjubljana
68%
24Belgrade, Sofia, Chișinău, Pristina, SkopjeAnkara, Kiev, Sofia, ChișinăuBucharest
68%
57Kiev, Warsaw, Minsk, Riga, TallinnMoscow, Kiev, Warsaw, Minsk, Helsinki, Riga, TallinnVilnius
68%
44Belgrade, Zagreb, Pristina, Tirana, PodgoricaBelgrade, Zagreb, Tirana, PodgoricaSarajevo
68%
58Budapest, Vienna, Sarajevo, Bratislava, LjubljanaRome, Budapest, Vienna, Sarajevo, Bratislava, Ljubljana, San Marino, Vatican CityZagreb
68%
44Damascus, Amman, Beirut, Jerusalem, NicosiaDamascus, Amman, Beirut, JerusalemCairo
64%
57Sofia, Sarajevo, Pristina, Skopje, PodgoricaAthens, Sofia, Sarajevo, Pristina, Skopje, Podgorica, VallettaTirana
64%
12Kabul, Tashkent, Ashgabat, Bishkek, DushanbeUlaanbaatar, BishkekAstana
64%
56Cairo, Damascus, Beirut, Jerusalem, NicosiaCairo, Baghdad, Damascus, Beirut, Jerusalem, NicosiaAmman
64%
11Paramaribo, Bridgetown, Port-of-Spain, Kingstown, Saint George'sParamariboGeorgetown
64%
58Belgrade, Sofia, Skopje, Tirana, PodgoricaAthens, Bucharest, Belgrade, Sofia, Sarajevo, Skopje, Tirana, PodgoricaPristina
64%
34Warsaw, Bucharest, Minsk, Chișinău, VilniusMoscow, Minsk, Chișinău, VilniusKiev
64%
55Jakarta, Bangkok, Singapore, Phnom Penh, Bandar Seri BegawanJakarta, Bangkok, Singapore, Phnom Penh, Bandar Seri BegawanKuala Lumpur
64%
01Sofia, Pristina, Skopje, Tirana, PodgoricaAnkaraAthens
64%
44Luanda, Yaoundé, Brazzaville, Bangui, LibrevilleLuanda, Brazzaville, Bangui, LibrevilleKinshasa
64%
44Riyadh, Kuwait City, Doha, Manama, MuscatRiyadh, Doha, Manama, MuscatAbu Dhabi
64%
33Seoul, Beijing, Pyongyang, Bishkek, AstanaSeoul, Beijing, PyongyangUlaanbaatar
64%
13Damascus, Athens, Bucharest, Beirut, NicosiaYerevan, Tbilisi, NicosiaAnkara
64%
56Guatemala City, San José, Managua, Tegucigalpa, BelmopanMexico City, Guatemala City, San José, Managua, Tegucigalpa, BelmopanSan Salvador
64%
33Ljubljana, Bern, Luxembourg, Monaco, San MarinoBern, Luxembourg, MonacoVaduz
64%
47Delhi, Kathmandu, Naypyidaw, Vientiane, ThimphuColombo, Hanoi, Kathmandu, Naypyidaw, Vientiane, Male, ThimphuDhaka
64%
57Delhi, Tashkent, Bishkek, Dushanbe, IslamabadDelhi, Tashkent, Ashgabat, Bishkek, Dushanbe, Islamabad, AstanaKabul
64%
57Guatemala City, Havana, San Salvador, Managua, TegucigalpaMexico City, Guatemala City, Havana, San Salvador, Managua, Tegucigalpa, NassauBelmopan
64%
33Madrid, Algiers, Lisbon, Tunis, Andorra la VellaMadrid, Algiers, LisbonRabat
64%
57Paris, Amsterdam, Brussels, Bern, VaduzLondon, Paris, Amsterdam, Brussels, Dublin, Bern, VaduzLuxembourg
64%
58Bridgetown, Kingstown, Saint John's, Roseau, Saint George'sCaracas, Bridgetown, Port-of-Spain, Kingstown, Saint John's, Roseau, Basseterre, Saint George'sCastries
61%
57Vienna, Belgrade, Zagreb, Bratislava, LjubljanaVienna, Prague, Belgrade, Zagreb, Chișinău, Bratislava, LjubljanaBudapest
61%
12Georgetown, Bridgetown, Port-of-Spain, Kingstown, Saint George'sBrasília, GeorgetownParamaribo
61%
57Kabul, Tashkent, Ashgabat, Bishkek, IslamabadDelhi, Kabul, Tashkent, Ashgabat, Bishkek, Islamabad, AstanaDushanbe
61%
56Dhaka, Bangkok, Hanoi, Phnom Penh, NaypyidawDhaka, Bangkok, Hanoi, Phnom Penh, Naypyidaw, ThimphuVientiane
61%
58Budapest, Sarajevo, Pristina, Skopje, PodgoricaBudapest, Bucharest, Sofia, Sarajevo, Chișinău, Pristina, Skopje, PodgoricaBelgrade
61%
33Jakarta, Manila, Port Moresby, Bandar Seri Begawan, MelekeokJakarta, Port Moresby, MelekeokDili
61%
44Kuala Lumpur, Singapore, Phnom Penh, Dili, Bandar Seri BegawanKuala Lumpur, Singapore, Dili, Bandar Seri BegawanJakarta
61%
46Madrid, Tunis, Rabat, Monaco, Andorra la VellaMadrid, Lisbon, Tunis, Rabat, Tripoli, Andorra la VellaAlgiers
61%
35Berlin, Budapest, Vienna, Bratislava, LjubljanaBerlin, Warsaw, Vienna, Copenhagen, BratislavaPrague
61%
55Riyadh, Kuwait City, Manama, Abu Dhabi, MuscatRiyadh, Kuwait City, Manama, Abu Dhabi, MuscatDoha
61%
22Algiers, Rome, Tunis, Valletta, Vatican CityTunis, VallettaTripoli
61%
58Rome, Bern, Vaduz, San Marino, Vatican CityMadrid, Algiers, Rome, Bern, Andorra la Vella, Vaduz, San Marino, Vatican CityMonaco
57%
55Conakry, Nouakchott, Bissau, Praia, BanjulConakry, Nouakchott, Bissau, Praia, BanjulDakar
57%
11Johannesburg, Lusaka, Gaborone, Maseru, MbabaneMaseruWindhoek
57%
57Budapest, Vienna, Prague, Zagreb, LjubljanaBerlin, Budapest, Warsaw, Vienna, Prague, Zagreb, LjubljanaBratislava
57%
22Kiev, Budapest, Bucharest, Belgrade, SofiaKiev, BucharestChișinău
57%
46Dhaka, Bangkok, Phnom Penh, Naypyidaw, VientianeManila, Bangkok, Taipei, Phnom Penh, Naypyidaw, VientianeHanoi
57%
57Belgrade, Sofia, Pristina, Tirana, PodgoricaAthens, Bucharest, Belgrade, Sofia, Pristina, Tirana, PodgoricaSkopje
57%
58Guatemala City, San José, San Salvador, Tegucigalpa, BelmopanMexico City, Guatemala City, Quito, San José, San Salvador, Panama City, Tegucigalpa, BelmopanManagua
57%
44Kinshasa, Luanda, Yaoundé, Bangui, LibrevilleKinshasa, Luanda, Bangui, LibrevilleBrazzaville
57%
57Tehran, Baghdad, Riyadh, Doha, ManamaTehran, Baghdad, Riyadh, Doha, Manama, Abu Dhabi, MuscatKuwait City
57%
46Bucharest, Belgrade, Pristina, Skopje, TiranaAthens, Bucharest, Chișinău, Pristina, Skopje, TiranaSofia
57%
58Bangkok, Kuala Lumpur, Singapore, Hanoi, VientianeJakarta, Manila, Bangkok, Kuala Lumpur, Singapore, Hanoi, Vientiane, Bandar Seri BegawanPhnom Penh
57%
57Cairo, Amman, Beirut, Jerusalem, NicosiaCairo, Baghdad, Ankara, Amman, Beirut, Jerusalem, NicosiaDamascus
54%
56Dakar, Conakry, Freetown, Nouakchott, BissauDakar, Conakry, Freetown, Nouakchott, Bissau, PraiaBanjul
54%
34Delhi, Dhaka, Naypyidaw, Islamabad, ThimphuDelhi, Dhaka, Colombo, ThimphuKathmandu
54%
56Yaoundé, Niamey, Lomé, Porto-Novo, MalaboYaoundé, Niamey, Lomé, N'Djamena, Porto-Novo, MalaboAbuja
54%
45Dili, Honiara, Yaren, Palikir, MelekeokCanberra, Dili, Honiara, Palikir, MelekeokPort Moresby
54%
44Riyadh, Khartoum, Addis Ababa, Djibouti, AsmaraKhartoum, Addis Ababa, Djibouti, AsmaraSana'a
54%
44Tehran, Baghdad, Ankara, Baku, TbilisiTehran, Baghdad, Baku, TbilisiYerevan
54%
44Tehran, Baghdad, Yerevan, Tbilisi, AshgabatTehran, Yerevan, Tbilisi, AshgabatBaku
54%
55Nairobi, Kampala, Bujumbura, Juba, DodomaNairobi, Kampala, Bujumbura, Juba, DodomaKigali
54%
34Bridgetown, Kingstown, Castries, Roseau, BasseterreSanto Domingo, Castries, Roseau, BasseterreSaint John's
54%
55Bamako, Conakry, Monrovia, Bissau, BanjulBamako, Conakry, Monrovia, Bissau, BanjulFreetown
54%
510Bridgetown, Port-of-Spain, Castries, Roseau, Saint George'sCaracas, Georgetown, Paramaribo, Bridgetown, Port-of-Spain, Saint John's, Castries, Roseau, Basseterre, Saint George'sKingstown
54%
55Ouagadougou, Niamey, Lomé, Porto-Novo, YamoussoukroOuagadougou, Niamey, Lomé, Porto-Novo, YamoussoukroAccra
54%
11Delhi, Dhaka, Colombo, Muscat, VictoriaColomboMale
54%
35Taipei, Hanoi, Phnom Penh, Bandar Seri Begawan, MelekeokTokyo, Taipei, Dili, Bandar Seri Begawan, MelekeokManila
54%
46Honiara, Apia, Port Vila, Nukuʻalofa, FunafutiWellington, Canberra, Apia, Port Vila, Nukuʻalofa, FunafutiSuva
50%
56Khartoum, Sana'a, Djibouti, Asmara, JubaKhartoum, Sana'a, Mogadishu, Djibouti, Asmara, JubaAddis Ababa
50%
56Belgrade, Sarajevo, Pristina, Skopje, TiranaAthens, Belgrade, Sarajevo, Pristina, Skopje, TiranaPodgorica
50%
59Port-of-Spain, Kingstown, Castries, Roseau, Saint George'sGeorgetown, Paramaribo, Port-of-Spain, Kingstown, Saint John's, Castries, Roseau, Basseterre, Saint George'sBridgetown
50%
11Dhaka, Bangkok, Kathmandu, Naypyidaw, MaleMaleColombo
50%
24Bridgetown, Kingstown, Saint John's, Castries, RoseauSanto Domingo, Port-au-Prince, Saint John's, RoseauBasseterre
50%
22Nairobi, Addis Ababa, Djibouti, Dodoma, VictoriaDjibouti, VictoriaMogadishu
50%
57Johannesburg, Harare, Gaborone, Maseru, MbabaneJohannesburg, Harare, Antananarivo, Gaborone, Port Louis, Maseru, MbabaneMaputo
50%
56Honiara, Majuro, Funafuti, Yaren, PalikirHoniara, Apia, Majuro, Funafuti, Yaren, PalikirTarawa
50%
46Seoul, Manila, Beijing, Hanoi, PyongyangTokyo, Seoul, Manila, Beijing, Pyongyang, MelekeokTaipei
50%
55Nairobi, Kigali, Bujumbura, Juba, DodomaNairobi, Kigali, Bujumbura, Juba, DodomaKampala
50%
57Accra, Abuja, Ouagadougou, Porto-Novo, YamoussoukroAccra, Abuja, Ouagadougou, Niamey, Porto-Novo, Yamoussoukro, São ToméLomé
50%
11Abuja, Yaoundé, Niamey, Bangui, MalaboBanguiN'Djamena
50%
44Bamako, Conakry, Freetown, Bissau, YamoussoukroBamako, Conakry, Freetown, YamoussoukroMonrovia
50%
46Harare, Maputo, Gaborone, Maseru, MbabaneLusaka, Maputo, Windhoek, Gaborone, Maseru, MbabaneJohannesburg
50%
34Riyadh, Kuwait City, Doha, Manama, Abu DhabiDoha, Manama, Abu Dhabi, MaleMuscat
50%
47Baghdad, Kuwait City, Doha, Manama, Abu DhabiKuwait City, Sana'a, Doha, Manama, Abu Dhabi, Muscat, AsmaraRiyadh
50%
44Kinshasa, Yaoundé, Brazzaville, N'Djamena, MalaboKinshasa, Yaoundé, Brazzaville, N'DjamenaBangui
46%
57Nairobi, Kampala, Lilongwe, Kigali, BujumburaNairobi, Kampala, Mogadishu, Lilongwe, Kigali, Bujumbura, MoroniDodoma
46%
55Johannesburg, Maputo, Windhoek, Gaborone, MbabaneJohannesburg, Maputo, Windhoek, Gaborone, MbabaneMaseru
46%
44Delhi, Dhaka, Kathmandu, Naypyidaw, VientianeDelhi, Dhaka, Kathmandu, NaypyidawThimphu
46%
22Tehran, Baghdad, Ankara, Baku, YerevanBaku, YerevanTbilisi
46%
22Kinshasa, Yaoundé, Brazzaville, Libreville, São ToméKinshasa, BrazzavilleLuanda
46%
56Ankara, Damascus, Amman, Beirut, JerusalemCairo, Ankara, Damascus, Amman, Beirut, JerusalemNicosia
46%
57Dakar, Conakry, Freetown, Nouakchott, BanjulDakar, Conakry, Freetown, Monrovia, Nouakchott, Praia, BanjulBissau
46%
23Harare, Maputo, Lilongwe, Port Louis, MoroniPort Louis, Moroni, VictoriaAntananarivo
46%
34Suva, Tarawa, Port Vila, Nukuʻalofa, FunafutiWellington, Suva, Nukuʻalofa, FunafutiApia
46%
44Riyadh, Khartoum, Addis Ababa, Sana'a, DjiboutiKhartoum, Addis Ababa, Sana'a, DjiboutiAsmara
46%
55Khartoum, Addis Ababa, Sana'a, Mogadishu, AsmaraKhartoum, Addis Ababa, Sana'a, Mogadishu, AsmaraDjibouti
46%
36Bridgetown, Kingstown, Castries, Roseau, Saint George'sCaracas, Georgetown, Paramaribo, Bridgetown, Kingstown, Saint George'sPort-of-Spain
46%
47Bridgetown, Port-of-Spain, Kingstown, Castries, RoseauCaracas, Georgetown, Paramaribo, Bridgetown, Port-of-Spain, Kingstown, CastriesSaint George's
46%
46Harare, Lusaka, Bujumbura, Dodoma, MoroniHarare, Lusaka, Antananarivo, Dodoma, Port Louis, MoroniLilongwe
46%
58Bridgetown, Kingstown, Saint John's, Castries, BasseterreCaracas, Bridgetown, Port-of-Spain, Kingstown, Saint John's, Castries, Basseterre, Saint George'sRoseau
46%
55Accra, Bamako, Niamey, Lomé, YamoussoukroAccra, Bamako, Niamey, Lomé, YamoussoukroOuagadougou
43%
45Accra, Abuja, Ouagadougou, Lomé, Porto-NovoAccra, Abuja, Ouagadougou, N'Djamena, Porto-NovoNiamey
43%
58Port Moresby, Tarawa, Port Vila, Yaren, PalikirCanberra, Port Moresby, Suva, Tarawa, Port Vila, Majuro, Yaren, PalikirHoniara
43%
46Jakarta, Manila, Kuala Lumpur, Singapore, Phnom PenhJakarta, Manila, Kuala Lumpur, Singapore, Dili, MelekeokBandar Seri Begawan
43%
57Johannesburg, Harare, Maputo, Gaborone, MaseruJohannesburg, Harare, Lusaka, Maputo, Windhoek, Gaborone, MaseruMbabane
43%
56Accra, Abuja, Niamey, Lomé, MalaboAccra, Abuja, Niamey, Lomé, Malabo, São ToméPorto-Novo
43%
44Addis Ababa, Sana'a, Djibouti, Asmara, JubaAddis Ababa, Sana'a, Djibouti, AsmaraKhartoum
43%
22Dakar, Conakry, Nouakchott, Bissau, BanjulDakar, NouakchottPraia
43%
55Riyadh, Kuwait City, Doha, Abu Dhabi, MuscatRiyadh, Kuwait City, Doha, Abu Dhabi, MuscatManama
43%
59Abuja, Bangui, Libreville, Malabo, São ToméKinshasa, Luanda, Abuja, Brazzaville, Bangui, N'Djamena, Libreville, Malabo, São ToméYaoundé
43%
57Suva, Apia, Tarawa, Port Vila, NukuʻalofaSuva, Apia, Tarawa, Port Vila, Majuro, Nukuʻalofa, YarenFunafuti
43%
57Dhaka, Bangkok, Hanoi, Vientiane, ThimphuDhaka, Bangkok, Colombo, Hanoi, Kathmandu, Vientiane, ThimphuNaypyidaw
43%
55Wellington, Suva, Apia, Port Vila, FunafutiWellington, Suva, Apia, Port Vila, FunafutiNukuʻalofa
43%
58Lusaka, Maputo, Lilongwe, Gaborone, MbabaneJohannesburg, Lusaka, Antananarivo, Maputo, Lilongwe, Gaborone, Mbabane, MoroniHarare
43%
45Tehran, Kabul, Tashkent, Baku, DushanbeTehran, Tashkent, Baku, Dushanbe, AstanaAshgabat
43%
55Accra, Bamako, Ouagadougou, Monrovia, LoméAccra, Bamako, Ouagadougou, Monrovia, LoméYamoussoukro
43%
33Manila, Taipei, Port Moresby, Dili, Bandar Seri BegawanManila, Port Moresby, DiliMelekeok
39%
58Dakar, Freetown, Monrovia, Bissau, BanjulDakar, Bamako, Freetown, Monrovia, Nouakchott, Bissau, Praia, BanjulConakry
39%
44Conakry, Ouagadougou, Freetown, Monrovia, YamoussoukroOuagadougou, Freetown, Monrovia, YamoussoukroBamako
39%
23Johannesburg, Harare, Lilongwe, Gaborone, MbabaneHarare, Lilongwe, WindhoekLusaka
39%
03Port-of-Spain, Kingstown, Castries, Roseau, Saint George'sBogotá, Santo Domingo, Port-au-PrinceCaracas
39%
57Abuja, Yaoundé, Libreville, Porto-Novo, São ToméAbuja, Yaoundé, Bangui, N'Djamena, Libreville, Porto-Novo, São ToméMalabo
39%
22Antananarivo, Maputo, Lilongwe, Moroni, VictoriaAntananarivo, VictoriaPort Louis
39%
56Kinshasa, Yaoundé, Brazzaville, Malabo, São ToméKinshasa, Luanda, Yaoundé, Brazzaville, Malabo, São ToméLibreville
39%
56Nairobi, Kampala, Kigali, Juba, DodomaNairobi, Kampala, Lilongwe, Kigali, Juba, DodomaBujumbura
39%
56Kabul, Ashgabat, Bishkek, Dushanbe, IslamabadKabul, Ashgabat, Bishkek, Dushanbe, Islamabad, AstanaTashkent
39%
33Honiara, Tarawa, Funafuti, Yaren, PalikirTarawa, Yaren, PalikirMajuro
39%
56Nairobi, Addis Ababa, Kampala, Kigali, BujumburaKhartoum, Nairobi, Addis Ababa, Kampala, Kigali, BujumburaJuba
36%
46Honiara, Tarawa, Majuro, Funafuti, PalikirPort Moresby, Honiara, Tarawa, Port Vila, Majuro, PalikirYaren
36%
55Port Moresby, Honiara, Tarawa, Majuro, YarenPort Moresby, Honiara, Tarawa, Majuro, YarenPalikir
36%
44Dakar, Conakry, Bissau, Praia, BanjulDakar, Bissau, Praia, BanjulNouakchott
32%
58Kampala, Kigali, Bujumbura, Juba, DodomaKampala, Mogadishu, Kigali, Bujumbura, Juba, Dodoma, Moroni, VictoriaNairobi
32%
47Suva, Honiara, Nukuʻalofa, Funafuti, YarenWellington, Canberra, Suva, Honiara, Apia, Nukuʻalofa, FunafutiPort Vila
32%
23Nairobi, Antananarivo, Mogadishu, Port Louis, MoroniMogadishu, Port Louis, MaleVictoria
32%
34Yaoundé, Lomé, Libreville, Porto-Novo, MalaboLuanda, Yaoundé, Libreville, MalaboSão Tomé
32%
57Johannesburg, Harare, Maputo, Maseru, MbabaneJohannesburg, Harare, Lusaka, Maputo, Windhoek, Maseru, MbabaneGaborone
32%
24Nairobi, Harare, Antananarivo, Lilongwe, DodomaAntananarivo, Lilongwe, Port Louis, VictoriaMoroni
25%

Score Distribution

Percentile by Number Answered

Percent of People with Each Score

Your Score History

You have not taken this quiz